000 00417nam a2200157Ia 4500
008 231217s9999 xx 000 0 und d
041 _aEnglish
082 _a001.6424C GAN.3;3
100 _aGandhi, Meeta Shetty, Tilak Shah, Rajiv
245 4 _aThe C Odyssey: DOS the chartered waters (Vijay Mukhi's)
250 _a1st ed.
260 _c1992
_bPBP,N.Delhi
300 _aV+496
650 _aDOS
942 _cAA
999 _c165732
_d165732